000 00506nam a2200205 a 4500
999 _c6982
_d6982
001 6982
003 BD-JhCC
005 20180203173526.0
008 180203s1964 xxu |||| |||| 000 0 eng d
035 _a(BD-JhCC)
040 _aBD-JhCC
_dBD-JhCC
041 _aeng
082 _a822.33
_bSER 1964
100 _aSerraillier, Ian
245 _aThe Enchanted Island /
_cIan Serraillier
260 _aLondon:
_bOxford University Press;
_c1964
300 _a201 p;,
_c22 cm
650 _aDrama
942 _2ddc
_cBK